000 00533nam a2200193Ia 4500
003 GCL
008 140319s9999 xx 000 0 eng d
040 _aGCL /
_cGCL
082 0 4 _a598.61
_bA P
100 1 _aAPPLEDY, MICHEEL C.
245 1 0 _aPOULTRY PRODUCTION SYSTEMS: BEHAVLOUR MANEGEMENT AND WELFARE /
_cAPPLEDY, MICHEEL C.
700 1 _aHUGHES, BARTY O
700 1 _aALSON, H.A.
260 _a[S.N] :
_bC. A. B INTERNATIONAL ،
_c1992
300 _a238 PP
650 0 4 _aBEHAVIOUR
650 0 4 _aPOULTRY
942 _2ddc
_cBK
999 _c16683
_d16683